Largest US Cities without a Pro Sports Team - Statistics

General Stats
  • This quiz has been taken 147 times
  • The average score is 12 of 24
Answer Stats
Population City % Correct
2,295,303 Austin
79%
923,630 Albuquerque
69%
1,061,175 Tucson
68%
1,779,824 Virginia Beach
67%
1,268,993 Louisville
63%
954,270 Omaha
63%
1,091,921 Birmingham
61%
1,000,918 Fresno
61%
1,006,411 Tulsa
60%
1,303,469 Richmond
59%
4,678,371 Riverside
55%
1,623,890 Providence
54%
1,201,483 Hartford
52%
963,826 Honolulu
51%
1,081,372 Grand Rapids
46%
878,550 Albany
44%
1,067,486 Rochester
44%
901,362 Bakersfield
42%
858,571 Baton Rouge
35%
878,124 Knoxville
32%
942,426 Bridgeport
30%
875,200 McAllen
19%
945,752 Worcester
17%
932,705 Greenville
9%
No matching quizzes found
Score Distribution
Percent of People with Each Score
Percentile by Number Answered
Your Score History
You have not taken this quiz